Brigecio (Record no. 184056)

MARC details
000 -LEADER
campo de control de longitud fija 01605nas a2200349 i 4500
001 - NÚMERO DE CONTROL
campo de control 184056
003 - IDENTIFICADOR DE NÚMERO DE CONTROL
campo de control ES-MaACL
005 - FECHA Y HORA DE LA ÚLTIMA TRANSACCIÓN
campo de control 20250217134914.0
008 - DATOS DE LONGITUD FIJA--INFORMACIÓN GENERAL
campo de control de longitud fija 150227c1991 sp a|yp | b||pa d
022 ## - NÚMERO INTERNACIONAL NORMALIZADO PARA PUBLICACIONES SERIADAS
Número Internacional Normalizado para Publicaciones Seriadas 1697-5804
040 ## - FUENTE DE CATALOGACIÓN
Centro catalogador/agencia de origen ES-MaACL
080 ## - NÚMERO DE LA CLASIFICACIÓN DECIMAL UNIVERSAL
Número de la Clasificación Decimal Universal 908(460.184)
245 00 - MENCIÓN DEL TÍTULO
Título Brigecio
Resto del título : revista de estudios de Benavente y sus tierras.
260 ## - PUBLICACIÓN, DISTRIBUCIÓN, ETC.
Lugar de publicación, distribución, etc. Benavente (Zamora) :
Nombre del editor, distribuidor, etc. Centro de Estudios Benaventanos "Ledo del Pozo",
Fecha de publicación, distribución, etc. [1991]-
300 ## - DESCRIPCIÓN FÍSICA
Extensión 14 v. :
Otras características físicas il., fot., planos ;
Dimensiones 24 cm.
310 ## - PERIODICIDAD ACTUAL
Periodicidad actual Anual
362 1# - FECHAS DE PUBLICACIÓN Y/O DESIGNACIÓN SECUENCIAL
Fecha de publicación y/o designación secuencial Nº 1 (1991)-
530 ## - NOTA DISPONIBLE DE FORMULARIO FÍSICO ADICIONAL
Nota de formato físico adicional disponible Disponible también en formato digital.
651 #4 - PUNTO DE ACCESO ADICIONAL DE MATERIA--NOMBRE GEOGRÁFICO
Nombre geográfico Benavente-
Subdivisión general Historia.
9 (RLIN) 156156
651 #4 - PUNTO DE ACCESO ADICIONAL DE MATERIA--NOMBRE GEOGRÁFICO
Nombre geográfico Zamora (Provincia)-
Subdivisión general Historia.
9 (RLIN) 153451
651 #4 - PUNTO DE ACCESO ADICIONAL DE MATERIA--NOMBRE GEOGRÁFICO
Nombre geográfico Zamora (Provincia)-
Subdivisión general Descripción.
9 (RLIN) 153452
655 #7 - TERMINO DE INDIZACIÓN--GENERO/FORMA
Fuente del término tgfbne
9 (RLIN) 226866
Datos o término principal de género/forma Revistas
710 2# - ENTRADA AGREGADA--NOMBRE DE ENTIDAD CORPORATIVA
Nombre de entidad corporativa o nombre de jurisdicción como elemento de entrada Centro de Estudios Benaventanos "Ledo del Pozo"
9 (RLIN) 144530
776 ## - ENTRADA DE FORMULARIO FÍSICO ADICIONAL
Información de relación Versión en línea
Título Brigecio =
Número Internacional Normalizado para Publicaciones Seriadas ISSN 2660-4396
biblionumber 196279
Número de control del registro 196279
852 ## - LOCALIZACIÓN
Ubicación ES-MaACL
Número de control de estantería Hem-A-19
Donativo/Legado Donación: Centro de Estudios Benaventanos "Ledo del Pozo"
Ubicación en estantería Depósito 1
Nota libre Revista muerta
itemnumber 191022
856 ## - LOCALIZACIÓN Y ACCESO ELECTRÓNICOS
Identificador Uniforme de Recursos <a href="https://dialnet.unirioja.es/servlet/revista?codigo=7311">https://dialnet.unirioja.es/servlet/revista?codigo=7311</a>
Texto de enlace Sumarios de la revista en Dialnet
866 #0 - MENCIÓN TEXTUAL DE FONDOS--UNIDAD BIBLIOGRÁFICA BÁSICA
Fondos 1992(1993)1994-2002(2003-2004)2005-2006(2007-2009)2010-2013(2014-2018)-2020. Faltas 1993 (n.3) 2003 (n.13) 2004 (n.14) 2007(n.17) 2008(n.18) 2009 (n.19) 2014(n.24) 2015(n.25) 2016(n.26) 2017(n.27) 2018(n.28)
914 ## - NOMBRE ENTIDAD DE DONANTE
Unidad subordinada Donante
942 ## - ELEMENTOS DE ENTRADA SECUNDARIOS (KOHA)
Fuente del sistema de clasificación o colocación Clasificación decimal universal
Tipo de ítem Koha Revista
955 ## - CATALOGADOR - EDICIÓN
Nombre de catalogador Orex Digital
Holdings
Estatus retirado Estado de pérdida Fuente del sistema de clasificación o colocación Estado de daño No para préstamo Colección Biblioteca de origen Biblioteca actual Ubicación en estantería Fecha de adquisición Fuente de adquisición Total de préstamos Signatura topográfica completa Código de barras Visto por última vez Precio de reemplazo Tipo de ítem Koha
    Clasificación decimal universal     Periódicos y Revistas Biblioteca del Ateneo de Madrid Biblioteca del Ateneo de Madrid Depósito 1 27/02/2015 Donación   HEM-A-19 1193544 23/02/2023 23/02/2023 Revista